00313 2200133 4500001002100000005001500021035002000036245005100056300000700107260003300114082000800147084001200155990001200167INLIS00000000000216920250527120641 a0010-0525000461 aWapadai Kekerasan Di Sekitar /cTammi Prastowo a60 bMaraga Borneo Tarigas,c2007 a300 a300 WAP a0713252